<?xml version="1.0" encoding="UTF-8"?>
<record
    xmlns:xsi="http://www.w3.org/2001/XMLSchema-instance"
    xsi:schemaLocation="http://www.loc.gov/MARC21/slim http://www.loc.gov/standards/marcxml/schema/MARC21slim.xsd"
    xmlns="http://www.loc.gov/MARC21/slim">

  <leader>01347    a2200277   4500</leader>
  <controlfield tag="005">2008092508118.0</controlfield>
  <controlfield tag="008">080925t        xxu||||| |||| 00| 0 eng d</controlfield>
  <datafield tag="010" ind1=" " ind2=" ">
    <subfield code="a">ENG-91730-31</subfield>
  </datafield>
  <datafield tag="020" ind1=" " ind2=" ">
    <subfield code="a">9788180546211 (pt.1)</subfield>
    <subfield code="c">190.00</subfield>
  </datafield>
  <datafield tag="020" ind1=" " ind2=" ">
    <subfield code="a">9788180546228 (pt.2)</subfield>
    <subfield code="c">155.00</subfield>
  </datafield>
  <datafield tag="035" ind1=" " ind2=" ">
    <subfield code="a">EN-75263-64</subfield>
  </datafield>
  <datafield tag="037" ind1=" " ind2=" ">
    <subfield code="b">DBAD / PUB</subfield>
  </datafield>
  <datafield tag="040" ind1=" " ind2=" ">
    <subfield code="a">dpl</subfield>
    <subfield code="b">English </subfield>
  </datafield>
  <datafield tag="082" ind1=" " ind2=" ">
    <subfield code="a">338.5</subfield>
  </datafield>
  <datafield tag="100" ind1=" " ind2=" ">
    <subfield code="a">Deepashree</subfield>
  </datafield>
  <datafield tag="245" ind1=" " ind2=" ">
    <subfield code="a">Microeconomic theory &amp; applications/</subfield>
    <subfield code="c">by Deepashree</subfield>
  </datafield>
  <datafield tag="250" ind1=" " ind2=" ">
    <subfield code="a">10th rev. ed.</subfield>
  </datafield>
  <datafield tag="260" ind1=" " ind2=" ">
    <subfield code="a">New Delhi</subfield>
    <subfield code="b">Sultan Chand &amp; Sons</subfield>
    <subfield code="c">2008</subfield>
  </datafield>
  <datafield tag="270" ind1=" " ind2=" ">
    <subfield code="a">23, Darya Ganj,</subfield>
    <subfield code="b">New Delhi</subfield>
    <subfield code="e">110 002</subfield>
  </datafield>
  <datafield tag="300" ind1=" " ind2=" ">
    <subfield code="a">2 pts., ( various pagings)</subfield>
    <subfield code="c">22cm  (pbk )</subfield>
  </datafield>
  <datafield tag="500" ind1=" " ind2=" ">
    <subfield code="a">Pt.I- according to the new syllabus prescribed by the Department of Commerce, University of Delhi for the B. Com. (Hons.) 1st year effective from July, 2004. Pt.II- for B.Com. (Hons.) IInd year effective from July, 2005.</subfield>
  </datafield>
  <datafield tag="650" ind1=" " ind2=" ">
    <subfield code="a">Microeconomics</subfield>
  </datafield>
  <datafield tag="942" ind1=" " ind2=" ">
    <subfield code="a">dpl</subfield>
    <subfield code="c">EN</subfield>
    <subfield code="2">ddc</subfield>
    <subfield code="m">DEE</subfield>
    <subfield code="h">338.5</subfield>
  </datafield>
  <datafield tag="999" ind1=" " ind2=" ">
    <subfield code="c">18928</subfield>
    <subfield code="d">18928</subfield>
  </datafield>
  <datafield tag="952" ind1=" " ind2=" ">
    <subfield code="0">0</subfield>
    <subfield code="1">0</subfield>
    <subfield code="2">ddc</subfield>
    <subfield code="3">v.1</subfield>
    <subfield code="4">0</subfield>
    <subfield code="7">1</subfield>
    <subfield code="8">NFIC</subfield>
    <subfield code="a">DBAD</subfield>
    <subfield code="b">DBAD</subfield>
    <subfield code="d">2008-11-21</subfield>
    <subfield code="e">DBAD / PUB</subfield>
    <subfield code="g">190.00</subfield>
    <subfield code="l">0</subfield>
    <subfield code="o">338.5 DEE</subfield>
    <subfield code="p">EN-75263</subfield>
    <subfield code="r">2008-11-21 00:00:00</subfield>
    <subfield code="t">1</subfield>
    <subfield code="v">190.00</subfield>
    <subfield code="w">2008-11-21</subfield>
    <subfield code="y">EN</subfield>
    <subfield code="z">v.1</subfield>
  </datafield>
  <datafield tag="952" ind1=" " ind2=" ">
    <subfield code="0">0</subfield>
    <subfield code="1">0</subfield>
    <subfield code="2">ddc</subfield>
    <subfield code="3">v.2</subfield>
    <subfield code="4">0</subfield>
    <subfield code="7">1</subfield>
    <subfield code="8">NFIC</subfield>
    <subfield code="a">DBAD</subfield>
    <subfield code="b">DBAD</subfield>
    <subfield code="d">2008-11-21</subfield>
    <subfield code="e">DBAD / PUB</subfield>
    <subfield code="g">155.00</subfield>
    <subfield code="l">0</subfield>
    <subfield code="o">338.5 DEE</subfield>
    <subfield code="p">EN-75264</subfield>
    <subfield code="r">2008-11-21 00:00:00</subfield>
    <subfield code="t">1</subfield>
    <subfield code="v">155.00</subfield>
    <subfield code="w">2008-11-21</subfield>
    <subfield code="y">EN</subfield>
    <subfield code="z">v.2</subfield>
  </datafield>
</record>
